000 00483cam a22001931 4500
001 2652262
005 20180130052228.0
008 700114s1969 iauag b 001 0 eng
010 _a 69011127
040 _aDLC
_cDLC
_dDLC
041 _aeng
080 _a780.018
082 0 0 _a780.018 PHE
100 1 _a45
101 _aMUZ
245 1 2 _aA guide to research in music education /
_cRoger P. Phelps.
906 _a7
_bcbc
_corignew
_du
_encip
_f19
_gy-gencatlg
942 _2ddc
_cBK
999 _c41267
_d41267